ARRUPE JESUIT UNIVERSITY

CORONAVIRUS -STOP THE SPREAD - CLEAN,DISINFECT,COVER

The developing child; (Record no. 131691)

MARC details
000 -LEADER
fixed length control field 00443nam a22001577a 4500
008 - FIXED-LENGTH DATA ELEMENTS--GENERAL INFORMATION
fixed length control field 230321b |||||||| |||| 00| 0 eng d
020 ## - INTERNATIONAL STANDARD BOOK NUMBER
International Standard Book Number 0060405775.
050 ## - LIBRARY OF CONGRESS CALL NUMBER
Classification number BF721.B336 1992.
100 ## - MAIN ENTRY--PERSONAL NAME
Personal name Bee,Hellen
9 (RLIN) 52246
245 ## - TITLE STATEMENT
Title The developing child;
Statement of responsibility, etc Helen, Bee
260 ## - PUBLICATION, DISTRIBUTION, ETC. (IMPRINT)
Place of publication, distribution, etc NewYork:
Name of publisher, distributor, etc Harper and Row,
Date of publication, distribution, etc 1992.
300 ## - PHYSICAL DESCRIPTION
Extent xiv;
Other physical details 582p,
Dimensions 24cm.
650 ## - SUBJECT ADDED ENTRY--TOPICAL TERM
Topical term or geographic name as entry element Child psychology
9 (RLIN) 6749
650 ## - SUBJECT ADDED ENTRY--TOPICAL TERM
Topical term or geographic name as entry element child development
942 ## - ADDED ENTRY ELEMENTS (KOHA)
Source of classification or shelving scheme Library of Congress Classification
Item type Monograph ( Printed materials)
Holdings
Withdrawn status Lost status Source of classification or shelving scheme Damaged status Not for loan Home library Current library Shelving location Date acquired Total Checkouts Full call number Barcode Date last seen Price effective from Koha item type
    Library of Congress Classification     ARRUPE LIBRARY ARRUPE LIBRARY Main Collection 21/03/2023   BF721.B336 1992. 46700001117 21/03/2023 21/03/2023 Monograph ( Printed materials)

 

Arrupe Library. PO Box MP320 Mt Pleasant, Harare, Zimbabwe
263 242 745411|librarian@aju.ac.zw